| 000 | 00328nam a2200121Ia 4500 | ||
|---|---|---|---|
| 008 | 190216s9999||||xx |||||||||||||| ||und|| | ||
| 100 | _a"Adamantios Pepelasis,Leon Mears & Irma Adelman" | ||
| 245 | 0 | _aEconomic Development | |
| 260 |
_bUniversal Bookstall Newdelhi _c1967 |
||
| 300 | _a627p | ||
| 650 | _aCommerce | ||
| 942 | _cBK | ||
| 999 |
_c4646 _d4646 |
||